Statistiques concernant Paroles générique Pokemon - Saison 3

Cliquez ici pour prendre le quiz!

Statistiques générales

  • Ce quiz a été pris 596 fois
  • Le résultat moyen est 91 sur 108

Statistiques - réponses

Paroles% Correct
Le
94%
le
94%
Pokemon
94%
Pokémon
94%
à
93%
de
91%
tous
91%
nous
90%
Et
89%
et
89%
monde
89%
tout
89%
autour
88%
change
88%
meilleur
87%
dresseur
86%
Être
86%
être
86%
la
86%
les
86%
plus
86%
est
85%
Johto
85%
On
85%
on
85%
Tu
84%
tu
84%
attraper
82%
qui
82%
quoi
82%
veut
82%
Car
81%
déterminé
81%
il
81%
jour
81%
se
81%
faut
80%
fou
80%
hauteur
80%
c'est
79%
te
79%
montrer
78%
Chaque
77%
devient
77%
flou
77%
fort
77%
même
77%
passe
77%
reste
77%
deviens
76%
surpasses
75%
incroyable
74%
malgré
74%
prouver
74%
capables
73%
destin
73%
paraît
72%
D'un
71%
Continue
69%
t'améliores
69%
progresses
65%

Distribution des résultats

Percentile par nombre de réponses

% des personnes avec chaque résultat

Votre développement - résultats

Vous n’avez pas pris ce quiz